[Event "Paris Apsap op 71st"]
[Site "Paris"]
[Date "2004.04.21"]
[Round "4"]
[White "Lacrosse, Marc"]
[Black "Poignant, Jacques"]
[Result "1-0"]
[WhiteElo "2283"]
[BlackElo "1850"]
[PlyCount "95"]
[EventDate "2004.04.19"]
[EventType "swiss"]
[EventRounds "7"]
[EventCountry "FRA"]
[SourceTitle "CBM 100 Extra"]
[Source "ChessBase"]
[SourceDate "2004.07.06"]
[SourceVersion "2"]
[SourceVersionDate "2004.07.06"]
[SourceQuality "1"]

1. d4 d5 2. c4 e6 3. Nf3 Nf6 4. Bg5 Be7 5. Nc3 0-0 6. e3 h6 7. Bh4 b6 8. Be2 Nbd7 9. cxd5 Nxd5 10. Bxe7 Qxe7 11. Rc1 Nxc3 12. Rxc3 c5 13. 0-0 Bb7 14. Qa4 a6 15. Rfc1 Rfc8 16. Qa3 e5 17. dxc5 Nxc5 18. b4 Ne4 19. Rxc8+ Rxc8 20. Rxc8+ Bxc8 21. Qb2 f6 22. Qc2 Nd6 23. Qc6 b5 24. Nd2 Bb7 25. Qc5 Qd7 26. Nb3 Ne4 27. Qc2 Qc6 28. Qxc6 Bxc6 29. Bf3 Bb7 30. Bxe4 Bxe4 31. Nc5 Bb1 32. a3 Kf7 33. Nxa6 Ke7 34. Nc7 Bd3 35. Nd5+ Kd6 36. Nc3 f5 37. f4 e4 38. Kf2 g5 39. g3 g4 40. Ke1 h5 41. Kd2 Kc6 42. a4 bxa4 43. Nxa4 Bb5 44. Nc5 Kd5 45. Kc3 Bc6 46. Nb3 Bb5 47. Nd4 Bd7 48. Kb3 1-0